Encyclopedia of customer relationship management (Record no. 1909)

MARC details
000 -LEADER
fixed length control field 00454nam a2200157 4500
020 ## - INTERNATIONAL STANDARD BOOK NUMBER
ISBN 9788174733726
022 ## - INTERNATIONAL STANDARD SERIAL NUMBER
ISSN 8174733728
050 ## - CALL NUMBER
Classification number HF5415
Item number .J35
100 ## - AUTHOR
Personal name Naveen Jain
245 ## - TITLE
Title Encyclopedia of customer relationship management
Statement of responsibility, etc Naveen Jain
260 ## - PUBLICATION INFORMATION
Place of publication Delhi :
Name of publisher A.I.T.B.S. Publishers,
Year of publication 2008.
300 ## - DESCRIPTION
Number of Pages vi, 409pgs;
Dimensions 22cm
650 ## - SUBJECTS
Topical Term Customer relations --
General subdivision Encyclopedias.
650 ## - SUBJECTS
Topical Term Customer relations.
942 ## - ADDED ENTRY ELEMENTS (KOHA)
Koha item type Books
Holdings
Withdrawn status Lost status Collection code Home library Current library Shelving location Date acquired Full call number Accession Number Koha item type
    Reference Methodist University Library Main Methodist University Library Main General Stacks 22/09/2011 HF5415 .J35 33943 Books
Copyright © 2026  MUG Library